| 000 | 00923nam a22002535i 4500 | ||
|---|---|---|---|
| 001 | 176139 | ||
| 003 | ES-MaACL | ||
| 005 | 20250822040311.0 | ||
| 008 | 101220s1975 sp f |||| | spa d | ||
| 020 | _a84-249-2448-7 | ||
| 080 | _a1:572 | ||
| 080 | _a177 | ||
| 100 | 1 |
_aWyss, Dieter. _9143573 |
|
| 245 | 1 | 0 |
_aEstructuras de la moral : _bestudios sobre la antropología y genealogía de las formas de conducta morales / _cDieter Wyss ; versión española de Elena Bombín. |
| 260 |
_aMadrid : _bGredos, _c[1975] |
||
| 300 |
_a374 p. ; _c19 cm. |
||
| 490 | 1 |
_aBiblioteca de psicología y psicoterapia. Serie minor ; _v4 |
|
| 650 | 7 |
_aAntropología filosófica _2embne _99891 |
|
| 650 | 7 |
_aÉtica _2embne _912577 |
|
| 700 | 1 |
_aBombín Izquierdo, Elena. _930030 |
|
| 830 | 1 | 0 |
_aBiblioteca de psicología y psicoterapia _v4 _9189553 |
| 852 | 4 |
_aES-MaACL _jE-13827 _xOlim P-1849 |
|
| 999 |
_c176139 _d176139 |
||